000 01335nam a2200205 i 4500
001 21822
003 ES-MaACL
005 20250821111909.0
007 t|
008 021128s1943 sp ||||1| spa d
100 1 _aAlarcón, Pedro Antonio de,
_d1833-1891
_919134
245 1 0 _aObras completas /
_cde Pedro A. de Alarcón ; con un comento preliminar por Luis Martínez Kleiser.
260 _aMadrid :
_bFax,
_c[1943] (
_fSucs. de Rivadeneyra)
300 _aXXXII, 1919 p. :
_b1 retr. aut. ;
_c20 cm.
505 8 _aContiene: Un viaje por el interio de su alma y a lo largo de su vida. Historia de mis libros. Novelas cortas (I): cuentos amatorios. Novelas cortas (II): historietas nacionales. Novelas cortas (III): narraciones inverosímiles. Poesías seriadas y humorísticas. El hijo pródigo. El final de Norma. El sombrero de tres picos. El escándalo. El niño de la bola. El capitán Veneno. La pródiga. Diario de un testigo de la guerra de Africa. Viajes por España. De Madrid a Nápoles. La Alpujarra. Cosas que fueron. Juicios literarios y artísticos. Ultimos escritos. Biografía de Don Pedro Antonio de Alarcón / por Mariano Catalina
700 1 _aMartínez Kleiser, Luis,
_d1883-1971
_978166
700 1 _aCatalina, Mariano.
_937037
852 _aES-MaACL
_jD-4705
_bR.28529
999 _c21822
_d21822